000 00484nam a2200181Ia 4500
001 9008
005 20260306160652.0
008 260306t2013||||xx |||||||||||||| ||spa||
041 _aESP
082 _a372.21
_bS22
100 _aSánchez, María Julieta
_eAUT
245 0 _aLecturas para inventar y disfrutar:
_bproyectos y actividades de mediación literaria
260 _c2013
300 _a127 páginas :
_c24 cm.
650 _aGEN
654 _aCED
942 _cLIB
_dJUS
_fJUS
_2ddc
_n
999 _c9008
_d9008